| Tag |
First Indicator |
Second Indicator |
Subfields |
| LEADER |
00000cam a2200000 4500 |
| 001 |
in00000330921 |
| 005 |
20151011054748.0 |
| 008 |
690408s1968 dcua b 00000 eng |
| 010 |
|
|
|a 73002888
|
| 035 |
|
|
|a (OCoLC)00007639
|
| 035 |
|
|
|9 ABM1183AM
|
| 040 |
|
|
|a DLC
|c DLC
|d TXA
|d UtOrBLW
|
| 049 |
|
|
|a TXAM
|c 1 [636284], 2 [973245], 3 [927108]
|
| 050 |
0 |
0 |
|a GV445
|b .J6
|
| 082 |
0 |
|
|a 790/.019/6
|
| 110 |
2 |
|
|a Joint Committee of the Lifetime Sports Education Project and the Project on Recreation and Fitness for the Mentally Retarded.
|
| 245 |
1 |
0 |
|a Physical activities for the mentally retarded ;
|b ideas for instruction.
|
| 264 |
|
1 |
|a Washington :
|b Project on Recreation and Fitness for the Mentally Retarded,
|c [1968]
|
| 300 |
|
|
|a 137 pages :
|b illustrations ;
|c 28 cm.
|
| 336 |
|
|
|a text
|b txt
|2 rdacontent
|
| 337 |
|
|
|a unmediated
|b n
|2 rdamedia
|
| 338 |
|
|
|a volume
|b nc
|2 rdacarrier
|
| 504 |
|
|
|a Bibliography: pages 133-137.
|
| 650 |
|
0 |
|a Physical education for children with mental disabilities.
|
| 999 |
|
|
|a MARS
|
| 999 |
f |
f |
|s 9b45ac91-db54-3a67-af8e-ce85b6744f8e
|i f81c154c-4c68-365d-ab1e-fce2e4f0b12d
|t 0
|
| 952 |
f |
f |
|p ric
|a Texas A&M University
|b Rellis Campus
|c Joint Library Facility
|d Remote Storage
|t 0
|e GV445 .J6
|h Library of Congress classification
|i unmediated -- volume
|m A14802461128
|
| 998 |
f |
f |
|a GV445 .J6
|t 0
|l Remote Storage
|